| 000 | 01143nas a2200361 4500 | ||
|---|---|---|---|
| 001 | BR0500941 | ||
| 003 | BR-BrBNA | ||
| 005 | 20231205105200.0 | ||
| 007 | ta | ||
| 008 | 230509b bl.|||p| |||| 00| 00por d | ||
| 040 |
_aBR-BrBNA _bpor _cBiblioteca Nacional de Agricultura |
||
| 041 | _a(Pt) | ||
| 072 | _aQ52; Q54; L51 | ||
| 100 | 1 | _aOliveira, J.S. | |
| 100 | 1 | _aLana, R. de P. | |
| 100 | 1 | _aBorges, A.C. | |
| 100 | 1 | _aQueiróz, A.C. de | |
| 100 | 1 | _aALmeida, I.C.C. | |
| 245 | 1 | _aEfeito da monensina e extração de própolis sobre a produção de amônia e degradabilidade in vitro da proteína bruta de diferentes fontes de nitrogênio | |
| 650 | _aMICRORGANISMO | ||
| 650 | _aAMÔNIA | ||
| 650 | _aPROTEÍNA BRUTA | ||
| 650 | _aNITROGÊNIO | ||
| 650 | _aFERMENTAÇÃO | ||
| 650 | _aANÁLISE DE ALIMENTO | ||
| 650 | _aRÚMEN | ||
| 650 | _aPROPÓLIS | ||
| 650 | _aDIGESTIBILIDADE IN VITRO | ||
| 650 | _aANTI-HELMÍNTICO | ||
| 773 | 0 |
_tRevista Brasileira de Zootecnia (Brazil) _xISSN 1516-3598 _g(Mar-Apr 2004), v. 33(2) p. 504-510 _wBR0500941 |
|
| 909 |
_a202311 _bLúcia _c55 _dLúcia Elande |
||
| 942 |
_2AGRIS _n0 _cANA |
||
| 999 |
_c181644 _d181644 |
||